Cincuenta años de migraciones internas y externas en Nicaragua (1950-2000) /
Guardado en:
| Hovedforfatter: | |
|---|---|
| Format: | Texto |
| Tags: |
Tilføj Tag
Ingen Tags, Vær først til at tagge denne postø!
|
MARC
| LEADER | 00000 a a2200000 04500 | ||
|---|---|---|---|
| 001 | 40277 | ||
| 003 | |||
| 040 | |||
| 100 | |a Membreño Idiáquez, Marcos | ||
| 245 | |a Cincuenta años de migraciones internas y externas en Nicaragua (1950-2000) / |c Marcos Membreño idiáquez | ||
| 773 | |g volumen33, número59 ( , 2001), páginas 92-112 | ||
| 999 | |c 26148 |d 26148 | ||
